Atención integral de la primera infancia: los desafíos del siglo XXI /

Na minha lista:
Detalhes bibliográficos
Autor principal: Fugimoto - Gómez, Gaby
Formato: Texto
Assuntos:
Tags: Adicionar Tag
Sem tags, seja o primeiro a adicionar uma tag!

MARC

LEADER 00000 a a2200000 04500
001 8199
003
040
100 |a Fugimoto - Gómez, Gaby  
245 |a Atención integral de la primera infancia:   |b los desafíos del siglo XXI /  |c Gaby Fugimoto - Gómez 
650 |a EDUCACION  
650 |a NIÑOS  
650 |a POBREZA  
650 |a ORGANIZACIONES NO GUBERNAMENTALES  
650 |a UNICEF  
773 |g volumen 5, número 2; páginas 12-17  
999 |c 24064  |d 24064